Slow sales for distributive trades (Record no. 117939)
[ view plain ]
| 000 -LEADER | |
|---|---|
| fixed length control field | 01090cam a2200229 4500 |
| 001 - CONTROL NUMBER | |
| control field | WB@3612-249 |
| 008 - FIXED-LENGTH DATA ELEMENTS--GENERAL INFORMATION | |
| fixed length control field | 040901n2004 000 0 eng u |
| 035 ## - SYSTEM CONTROL NUMBER | |
| System control number | (Sirsi) u127242 |
| 245 ## - TITLE STATEMENT | |
| Title | Slow sales for distributive trades |
| 260 ## - PUBLICATION, DISTRIBUTION, ETC. | |
| Date of publication, distribution, etc. | 2004 |
| 490 ## - SERIES STATEMENT | |
| Series statement | CBI News Release |
| Volume/sequential designation | 31 Augst 2004 (3) |
| 520 ## - SUMMARY, ETC. | |
| Summary, etc. | Despite expectations of a pick-up after July's slowdown, the latest quarterly CBI "Distributive trades survey" shows that August 2004 was slow too. Retailers cite successive interest rate rises and August's unpredictable weather as factors. Some 32% of firms said that sales were down during the month. Not surprisingly clothing sales were flat and durable goods, such as TVs and fridges also experienced a slowdown. http://www.cbi.org.uk/ndbs/press.nsf/0363c1f07c6ca 12a8025671c00381cc7/4f9498ed4c9575ad80256efb0052a5 d3?OpenDocument |
| 590 ## - LOCAL NOTE (RLIN) | |
| Local note | WB |
| 590 ## - LOCAL NOTE (RLIN) | |
| Local note | WB |
| 650 ## - SUBJECT ADDED ENTRY--TOPICAL TERM | |
| Topical term or geographic name entry element | CBI |
| 650 ## - SUBJECT ADDED ENTRY--TOPICAL TERM | |
| Topical term or geographic name entry element | RETAIL SALES |
| 650 ## - SUBJECT ADDED ENTRY--TOPICAL TERM | |
| Topical term or geographic name entry element | SALES FORECAST |
| 650 ## - SUBJECT ADDED ENTRY--TOPICAL TERM | |
| Topical term or geographic name entry element | RETAILERS PERFORMANCE |
| 650 ## - SUBJECT ADDED ENTRY--TOPICAL TERM | |
| Topical term or geographic name entry element | DISTRIBUTIVE TRADES SURVEY |
| 690 ## - LOCAL SUBJECT ADDED ENTRY--TOPICAL TERM (OCLC, RLIN) | |
| Topical term or geographic name as entry element | ECONOMIC ISSUES |
| 942 ## - ADDED ENTRY ELEMENTS (KOHA) | |
| Suppress in OPAC | 0 |
| Withdrawn status | Lost status | Source of classification or shelving scheme | Damaged status | Not for loan | Home library | Current library | Shelving location | Date acquired | Total Checkouts | Full call number | Barcode | Date last seen | Copy number | Price effective from | Koha item type |
|---|---|---|---|---|---|---|---|---|---|---|---|---|---|---|---|
| Dewey Decimal Classification | London | London | News article | 01/09/2004 | WB403407 | 127242-1001 | 06/08/2019 | 1 | 06/08/2019 | News article |